Algebra for college students (fourth edition)

Bibliographic Details
Main Author: Lial, margaret L
Format: Book
Published: Reading : Addison-Wesley , 2000
Subjects:

MARC

LEADER 00000cam a2200000 7i4500
001 0000011639
005 20030823.0
040 |a INS 
090 0 0 |a QA154.2   |b L4952000 
100 1 |a Lial, margaret L 
245 1 0 |a Algebra for college students (fourth edition) 
260 |a Reading :   |b Addison-Wesley ,   |c 2000 
300 |a xxiv :   |b 901p ;   |c 25cm. 
650 0 0 |a Algebra 
999 |a 0000011572   |b BOOK   |c Open Shelf   |e Default branch